00920 2200193 4500001002100000005001500021035002000036245025900056100002000315250002000335300005000355856002800405700018300433260004600616082000800662084001400670020002200684650002000706INLIS00000000114845620260526085934 a0010-05260001331 aEDU BOOK :bAyo Mewarnai & Menggambar Princess /cPenulis: Annisa Mayasari, Penyunting: Shafira Karima Ardanareswari, Pemeriksa Aksara: Rambu Prihatin, Perupa Isi: Annisa Mayasari, Penata Aksara: Yuu, Perupa Sampul: Freepik Premium, Perancang Sampul: Yuu0 aAnnisa Mayasari aCetakan Pertama a37 halaman :bIlustrasi ;c19 x 27 cmeKertas aPerpustakaan Keliling 20 aPenyunting: Shafira Karima Ardanareswari, Pemeriksa Aksara: Rambu Prihatin, Perupa Isi: Annisa Mayasari, Penata Aksara: Yuu, Perupa Sampul: Freepik Premium, Perancang Sampul: Yuu aYogyakarta :bANAK HEBAT INDONESIA,c2024 a397 a397 ANN e a978-623-400-753-4 4aCHILDRENS BOOKS